000
00474nam a2200157Ia 4500
008
090124s9999 xx 000 0 und d
082
_b
133793
_a
102933
245
_a
ओशो विचारदर्पण
250
_a
1
260
_b
कुंटे माधवी
_c
2006
300
_a
231
630
_a
ओशो विचारदर्पण
700
_a
भोसले राजन.
730
_a
ओशो विचारदर्पण
942
_c
BOOK
999
_c
180104
_d
180104